000 01630nam a22003617a 4500
001 BRCA_9366
003 FranzMayer
005 20231011103745.0
008 231009b |||||||| |||| 00| 0 eng d
020 _a9783822830277
040 _aMFM
_bespañol
_cMFM
050 0 _aNC974.3.A7
_bT37 2006
110 1 _4Responsable
_aTaschen
_929963
240 _aDomus X
_h1985-1989
_lItaliano
245 0 _aDomus X
_b1985-1989
260 _aItalia
_bTaschen
_c2006
300 _a580 p
_bIlustraciones a color
_c32.5 cm
440 _aDomus X
_nTomo X
_p1985-1989
_vVol 10
_929964
500 _aContiene los siguientes volúmenes:Domus I. 1928-1939Domus II. 1940-1949Domus III. 1950-1954Domus IV. 1955-1959Domus V. 1960-1964Domus VI. 1965-1969Domus VII. 1970-1974Domus VIII. 1975-1979Domus IX. 1980-1984Domus X. 1985-1989Domus XI. 1990-1994Domus XII. 1995-1999
505 _aTexto en: italianoIncluye índice temáticoIncluye traducciones de textoDirigido a: artistas, historiadores de arte y personas con interés en el diseño.
650 1 _2Arte
_aPublicaciones artísticas
_vPublicaciones de arte
_929965
651 2 _2Diseño
_aLibros de arte
_vPublicaciones continuas
_929966
700 1 _4Ed
_aBerg, Thomas
_929967
700 1 _4Ed
_aHausmann, Viktoria
_929968
700 1 _4Ed
_aFigini, Carmen
_929969
700 1 _4Col
_aHavertz, Yvonne
_929970
700 1 _4Col
_aBlankenhagen, Patricia
_929971
700 1 _4Prod.
_aGoerhardt, Frank
_929972
700 1 _4Prod
_aWachendorf, Ute
_929973
700 1 _4Trad
_aGugliemotti, Luisa
_929974
700 1 _4Trad
_aBaker Dick, Bradley
_929975
942 _2lcc
_cB
999 _c11078
_d11078